|
|
|
|
| LEADER |
00000nam a2200000 a 4500 |
| 001 |
vtls001426389 |
| 003 |
SK-MaSNL |
| 005 |
20260331204540.0 |
| 008 |
240226s2001 xo aba r 0yy slo |
| 015 |
|
|
|a SNBA2002/05-01732
|
| 020 |
|
|
|a 8022406635
|
| 035 |
|
|
|a SNK000381326
|
| 035 |
|
|
|a urn:nbn:sk:snk-amknsq
|
| 035 |
|
|
|a urn:nbn:sk:snk-am003ty9
|
| 035 |
|
|
|a 47F5EC31-F093-4EE3-A8E9-C1AB05934867
|
| 040 |
|
|
|a SNK
|b slo
|c SNK
|e AACR2
|
| 041 |
0 |
|
|a slo
|
| 044 |
|
|
|a xo
|c SK
|
| 080 |
|
|
|a 911.2(437.6)=854=20
|2 1981
|
| 100 |
1 |
|
|a Feranec, Ján,
|d 1951-
|4 pht
|9 98333
|
| 245 |
1 |
0 |
|a Krajinná pokrývka Slovenska
|c Ján Feranec, Ján Oťaheľ
|
| 246 |
1 |
0 |
|a Land cover of Slovakia
|
| 246 |
1 |
1 |
|a Land cover of Slovakia
|
| 260 |
|
|
|a Bratislava
|b Veda
|c 2001
|
| 300 |
|
|
|a 122 s.
|b fareb. fotogr., mp., sch. tab.
|c 24 cm
|
| 500 |
|
|
|a Súbež. náz. a text angl.
|
| 500 |
|
|
|a Fotogr.: Ján Oťaheľ, Ján Feranec, Štefan Maglocký
|
| 504 |
|
|
|a Bibliogr. s. 119-122
|
| 650 |
0 |
7 |
|a fyzická geografia
|2 SNKPH
|9 746
|
| 650 |
0 |
7 |
|a krajinná pokrývka
|2 SNKPH
|9 79783
|
| 655 |
|
7 |
|a príručky
|2 SNKPH
|9 74364
|
| 700 |
1 |
|
|a Maglocký, Štefan,
|d 1937-
|4 pht
|9 37069
|
| 700 |
1 |
|
|a Oťaheľ, Ján,
|d 1949-
|4 aut
|9 14640
|
| 919 |
|
|
|a 80-224-0663-5
|
| 958 |
|
|
|a TL
|
| 958 |
|
|
|a NB
|
| 999 |
|
|
|c 899460
|d 901390
|
| 952 |
|
|
|t P60, <03>, [BOOK], {603}
|a SNK
|b SNK
|y PREZ
|7 0
|p 17A0326828
|o snkSC 106905
|i snkKSP 114/2002
|0 0
|1 0
|4 0
|d 2002-01-07
|f 1
|l 0
|r 2025-09-26 00:00:00
|w 2026-02-24
|
| 952 |
|
|
|t P60, <04>, [BOOK], {604}
|a SNK
|b SNK
|y VYP
|7 0
|p 17A0326829
|o snkSC 106905 D1
|i snkKSP 115/2002
|0 0
|1 0
|4 0
|d 2002-01-07
|l 0
|r 2005-01-02 00:00:00
|w 2026-02-24
|